Historia de la Marina Real española (Record no. 154071)

MARC details
000 -LEADER
campo de control de longitud fija 01301nam a2200253 i 4500
001 - NÚMERO DE CONTROL
campo de control 154071
003 - IDENTIFICADOR DE NÚMERO DE CONTROL
campo de control ES-MaACL
005 - FECHA Y HORA DE LA ÚLTIMA TRANSACCIÓN
campo de control 20250829061619.0
008 - DATOS DE LONGITUD FIJA--INFORMACIÓN GENERAL
campo de control de longitud fija 950110s1854 sp a |||| | spa d
100 1# - ENTRADA PRINCIPAL--NOMBRE DE PERSONA
Nombre de persona Ferrer de Couto, José.
9 (RLIN) 50453
245 10 - MENCIÓN DEL TÍTULO
Título Historia de la Marina Real española
Resto del título : desde el descubrimiento de las Américas hasta el combate de Trafalgar /
Mención de responsabilidad, etc. José Ferrer de Couto y [José March y Labores].
260 ## - PUBLICACIÓN, DISTRIBUCIÓN, ETC.
Lugar de publicación, distribución, etc. Madrid :
Nombre del editor, distribuidor, etc. [s.n.],
Fecha de publicación, distribución, etc. 1854 (
Lugar de fabricación/manufactura Imp. de José María Ducazcal)
300 ## - DESCRIPCIÓN FÍSICA
Extensión 2 v. (669 p. [i.e. 696], [11] h. de lám.; 835 p.) :
Otras características físicas il. ;
Dimensiones 33 cm.
510 4# - NOTA DE CITAS O REFERENCIAS BIBLIOGRÁFICAS
Nombre de la fuente Palau,
Localización dentro de la fuente 90491
594 ## - Nota al título y mención de responsabilidad
Nota al título y mención de responsabilidad Segun Palau, en el v. 2 se declara que José Ferrer de Couto escribió hasta la p. 594 del v. 1; el resto de la obra es de José March y Labores, cuyo nombre figura en la port. del v. 2.
597 ## - NOTA DE DESCRIPCIÓN FÍSICA
NOTA DE DESCRIPCIÓN FÍSICA El v. 1 carece de port.; datos tomados del v. 2.
599 ## - NOTA A LAS ILUSTRACIONES
NOTA A LAS ILUSTRACIONES Lám. de Urrabieta, C. Mugica y Augusto de Belbedero.
650 #7 - PUNTO DE ACCESO ADICIONAL DE MATERIA--TÉRMINO DE MATERIA
Término de materia o nombre geográfico como elemento de entrada Descubrimientos geográficos españoles
Fuente del encabezamiento o término embne
9 (RLIN) 11831
651 #4 - PUNTO DE ACCESO ADICIONAL DE MATERIA--NOMBRE GEOGRÁFICO
Nombre geográfico América-
Subdivisión general Descubrimientos y exploraciones-
-- Españoles.
9 (RLIN) 138324
651 #4 - PUNTO DE ACCESO ADICIONAL DE MATERIA--NOMBRE GEOGRÁFICO
Nombre geográfico España-
Subdivisión general Historia naval.
9 (RLIN) 8375
700 1# - ENTRADA AGREGADA--NOMBRE PERSONAL
Nombre de persona March y Labores, José.
9 (RLIN) 171493
852 ## - LOCALIZACIÓN
Ubicación ES-MaACL
Número de control de estantería C-1633-34
Nota libre - Enc. hol., v. 1 falto de port.
Holdings
Estatus retirado Estado de pérdida Estado de daño No para préstamo Colección Biblioteca de origen Biblioteca actual Ubicación en estantería Fecha de adquisición Total de préstamos Signatura topográfica completa Código de barras Visto por última vez Precio de reemplazo Tipo de ítem Koha
        Libros del s. XIX Biblioteca del Ateneo de Madrid Biblioteca del Ateneo de Madrid Sala Palomar 17/01/2008   C-1633-34 1161102 23/02/2023 23/02/2023 Libro impreso antiguo